| 000 | 00811nam a22002057a 4500 | ||
|---|---|---|---|
| 003 | BD-DhUL | ||
| 005 | 20170517095011.0 | ||
| 008 | 170517b xxu||||| |||| 00| 0 eng d | ||
| 040 |
_aBD-DhUL _cBD-DhUL |
||
| 082 |
_a891.44301 _bELM |
||
| 100 | _aইলিন, এম | ||
| 245 |
_aমানুষ কি করে বড়ো হল / _cএম ইলিন,ই. সেগাল ও গিরীন চক্রবর্তী |
||
| 260 |
_aকলিকাতা : _bন্যাশনাল বুক, _c১৯৫৭. |
||
| 300 |
_a২৫০ পৃ. : _bচিত্র ; _c২২ সেমি. |
||
| 650 | _aবাংলা ছোটগল্প | ||
| 650 | _aBanggali short story. | ||
| 700 | _aসেগাল, ই. | ||
| 700 | _aচক্রবর্তী, গিরীন | ||
| 942 |
_2ddc _cBK |
||
| 999 |
_c198185 _d198185 |
||